000 00544nam a22001937a 4500
003 NUST - PNEC
005 20170116180820.0
008 150617b xxu||||| |||| 00| 0 eng d
020 _a-
040 _cLIBRARy
082 _a355.43 EAR
100 _94063
_aEarle, Edward Mead
245 _aMakers of modern strategy : military thought rom machiavelli to hitler
_cEdward Mead Earle
250 _a-
260 _aLondon
_bPrinceton University Press
_cc1952.
300 _a553 p. :
650 _94065
_aMilitary
_xGeneral
942 _2ddc
_cBK
999 _c63706
_d63706